000 00942nam a22003017a 4500
001 BR2017002124
003 BR-BrBNA
005 20230928105127.0
007 ta
008 230509b bl.||||| |||| 00| 0 por d
040 _aBR-BrBNA
_bpor
_cBiblioteca Nacional de Agricultura
041 _a(Por)
072 _aF03
_b0337
_b3575
090 _ 0337 BR2017002124
100 1 _aVasconcelos, M.C.
110 1 _aUniversidade Federal de Lavras, MG (Brasil)
_0Tese (Doutorado)
245 1 _aDiferenciação de cultivares de girassol por espectroscopia no infravermelho próximo, utilizando sementes de óleo
260 3 _aLavras, MG (Brasil):
_c2016.
300 _a54 p.
500 _aSummaries (Eng, Por); Bibliography p. 48-54; 8 tables; 5 illus.
650 _aGIRASSOL
650 _aSEMENTE
650 _aÓLEO VEGETAL
650 _aVARIEDADE
650 _aESPECTROMETRIA
909 _a202309
_bLucia
_c55
_dLucia Elande
942 _cBK
999 _c83565
_d83565